Terceras Jornadas de Historia del Pensamiento Científico Argentino : (Record no. 162859)

MARC details
000 -LEADER
fixed length control field 00620nam a22001577a 4500
005 - DATE AND TIME OF LATEST TRANSACTION
control field 20220627083314.0
008 - FIXED-LENGTH DATA ELEMENTS--GENERAL INFORMATION
fixed length control field 220624b ||||| |||| 00| 0 eng d
020 ## - INTERNATIONAL STANDARD BOOK NUMBER
International Standard Book Number 9509262055
050 04 - LIBRARY OF CONGRESS CALL NUMBER
Classification number Q127.A7
Item number T47 1987
111 1# - MAIN ENTRY--MEETING NAME
Meeting name or jurisdiction name as entry element Jornadas de Historia del Pensamiento Científico Argentino
Date of meeting (1-4 de julio de 1986 :
Location of meeting Buenos Aires, Argentina)
245 10 - TITLE STATEMENT
Title Terceras Jornadas de Historia del Pensamiento Científico Argentino :
Remainder of title Actas
260 ## - PUBLICATION, DISTRIBUTION, ETC. (IMPRINT)
Place of publication, distribution, etc Buenos Aires :
Name of publisher, distributor, etc FEPAI
Date of publication, distribution, etc 1987
300 ## - PHYSICAL DESCRIPTION
Extent 212 páginas ;
Dimensions 22 cm
650 #7 - SUBJECT ADDED ENTRY--TOPICAL TERM
Source of heading or term lemb
Topical term or geographic name as entry element Ciencia
Geographic subdivision Argentina
General subdivision Historia
Form subdivision Alocuciones, ensayos y conferencias
942 ## - ADDED ENTRY ELEMENTS (KOHA)
Source of classification or shelving scheme Biblioteca del Cogreso de los Estados Unidos
Koha item type Libro
Holdings
Estado de pérdida Fuente de clasificación Estado del daño No para préstamo Ubicación permanente Ubicación actual Apartado o colección Fecha de adquisición Edición Dependencia de educación superior (DES) Área del conocimiento Total Checkouts Clasificación Código de Barras Date last seen Número de copia Costo por reposición Tipo de recurso
  Biblioteca del Cogreso de los Estados Unidos     Biblioteca del Instituto de Investigaciones Históricas Biblioteca del Instituto de Investigaciones Históricas General 27/06/2022 1a ed. Humanidades Ciencias Naturales y Exactas   Q127.A7 T47 1987 IIH000033173 27/06/2022 C:1 128.50 Libro